[Event "22nd 4NCL Congress"]
[Site "Telford"]
[Date "2019.07.20"]
[Round "3"]
[Board "2"]
[White "Merry, Alan B"]
[Black "Abdulla, Murad"]
[Result "1/2-1/2"]
[WhiteElo "2435"]
[BlackElo "2244"]
[PlyCount "71"]
[EventDate "2019.07.19"]
[EventRounds "5"]
[EventCountry "ENG"]

1. c4 e5 2. Nc3 Nf6 3. Nf3 Nc6 4. e3 d5 5. cxd5 Nxd5 6. Bb5 Nxc3 7. bxc3 Bd6 8.
d4 exd4 9. cxd4 O-O 10. O-O Bg4 11. Be2 Qe7 12. Bb2 Nb4 13. Nd2 Bxe2 14. Qxe2
c5 15. Nc4 cxd4 16. Nxd6 Qxd6 17. Bxd4 Nc6 18. Bb2 Rfd8 19. Rab1 Qe6 20. Bc3
Rd7 21. h3 Rad8 22. Rfc1 b6 23. Qf3 Ne7 24. a4 Rd5 25. Qg3 Ng6 26. Bd4 h6 27.
h4 Qe4 28. Rb5 Rxb5 29. axb5 Qxh4 30. Qc7 Rd5 31. g3 Qh3 32. Qxa7 Rh5 33. Qa8+
Kh7 34. Qg2 Qxg2+ 35. Kxg2 Rxb5 36. Rc6  1/2-1/2

[Event "22nd 4NCL Congress"]
[Site "Telford"]
[Date "2019.07.20"]
[Round "3"]
[Board "3"]
[White "Willmoth, Robert F"]
[Black "Hebden, Mark L"]
[Result "0-1"]
[WhiteElo "2138"]
[BlackElo "2421"]
[PlyCount "108"]
[EventDate "2019.07.19"]
[EventRounds "5"]
[EventCountry "ENG"]

1. d4 Nf6 2. c4 c5 3. d5 b5 4. cxb5 a6 5. bxa6 g6 6. Nc3 Bxa6 7. e4 Bxf1 8.
Kxf1 d6 9. Nf3 Bg7 10. g3 Nbd7 11. Kg2 O-O 12. a4 Qb6 13. Qc2 Rfb8 14. Ra3 Ne8
15. Nb5 Nc7 16. Nxc7 Qxc7 17. b3 Qa5 18. Bd2 Qa6 19. Bc3 Bxc3 20. Qxc3 Rb4 21.
Re1 Qb7 22. Qd3 Rb8 23. Re3 Nb6 24. a5 Ra8 25. a6 Qd7 26. Re1 Qb5 27. Qxb5 Rxb5
28. Nd2 Rb4 29. Kf1 Kf8 30. Rc1 f5 31. f3 fxe4 32. fxe4 Ra7 33. Nc4 Nd7 34. Ke2
Ke8 35. Kd3 Rb8 36. g4 Rba8 37. Rca1 Kd8 38. g5 Kc7 39. Rf1 h6 40. h4 hxg5 41.
hxg5 Rh8 42. Rf3 Rh5 43. Rg3 Nb8 44. Ra2 Rxa6 45. Rxa6 Nxa6 46. Ne3 Nb4+ 47.
Ke2 Rh2+ 48. Ng2 Nc2 49. Kf2 Nd4 50. Kg1 Rh7 51. Kf2 Rf7+ 52. Ke3 Kb6 53. Nf4
Rxf4 54. Kxf4 Ne2+  0-1

[Event "22nd 4NCL Congress"]
[Site "Telford"]
[Date "2019.07.20"]
[Round "3"]
[Board "4"]
[White "Murphy, Conor E"]
[Black "Hosdurga, Chirag"]
[Result "1-0"]
[WhiteElo "2362"]
[BlackElo "1926"]
[PlyCount "47"]
[EventDate "2019.07.19"]
[EventRounds "5"]
[EventCountry "ENG"]

1. e4 c5 2. Nf3 Nc6 3. Bb5 d6 4. O-O Bd7 5. Re1 a6 6. Bxc6 Bxc6 7. d4 cxd4 8.
Nxd4 Nf6 9. Nxc6 bxc6 10. Qf3 e5 11. Nd2 Be7 12. Nc4 O-O 13. Bg5 Qc7 14. Rad1
Rfd8 15. a4 a5 16. b3 h6 17. Be3 Rdb8 18. Qf5 g6 19. Qf3 d5 20. exd5 e4 21. d6
exf3 22. dxc7 Rb7 23. Nb6 Rf8 24. c8=Q  1-0

[Event "22nd 4NCL Congress"]
[Site "Telford"]
[Date "2019.07.20"]
[Round "3"]
[Board "5"]
[White "Adair, James R"]
[Black "Agnew, Alan"]
[Result "1-0"]
[WhiteElo "2483"]
[BlackElo "2048"]
[PlyCount "93"]
[EventDate "2019.07.19"]
[EventRounds "5"]
[EventCountry "ENG"]

1. e4 c6 2. d4 d5 3. e5 Bf5 4. Nd2 e6 5. Nb3 Nd7 6. Nf3 Ne7 7. Be2 Bg4 8. h3
Bxf3 9. Bxf3 Nf5 10. Bg4 Be7 11. Bxf5 exf5 12. g4 fxg4 13. hxg4 Qb6 14. Be3 c5
15. dxc5 Qb4+ 16. Qd2 Qxd2+ 17. Bxd2 Nxe5 18. Bc3 f6 19. Ke2 Kf7 20. Rad1 Rad8
21. Rd4 Nc6 22. Rf4 h6 23. Kf3 Rhe8 24. Rd1 Rd7 25. Ra4 Red8 26. Bd4 a6 27. Kg3
Rc8 28. Be3 Ne5 29. f4 Nc6 30. c3 Rcd8 31. Rd3 f5 32. gxf5 Kf6 33. Nd4 Nxd4 34.
Bxd4+ Kxf5 35. Re3 Bf6 36. Rb4 Rc8 37. Rb6 Rc6 38. a4 h5 39. b4 h4+ 40. Kf3
Rxb6 41. cxb6 g5 42. fxg5 Kxg5 43. Re6 Rf7 44. Rxf6 Rxf6+ 45. Bxf6+ Kxf6 46. a5
Ke7 47. b5  1-0

[Event "22nd 4NCL Congress"]
[Site "Telford"]
[Date "2019.07.20"]
[Round "3"]
[Board "6"]
[White "Sowray, Peter J"]
[Black "Duncan, Patrick Cm"]
[Result "1-0"]
[WhiteElo "2334"]
[BlackElo "2018"]
[PlyCount "57"]
[EventDate "2019.07.19"]
[EventRounds "5"]
[EventCountry "ENG"]

1. d4 Nf6 2. c4 e6 3. Nc3 Bb4 4. e3 c5 5. Nge2 d5 6. a3 cxd4 7. axb4 dxc3 8.
Nxc3 d4 9. exd4 Nc6 10. Be3 Nxb4 11. Qa4+ Nc6 12. d5 exd5 13. cxd5 Nxd5 14. Rd1
Be6 15. Bc4 O-O 16. Bxd5 Bxd5 17. Rxd5 Qe7 18. O-O Rfe8 19. Rfd1 Ne5 20. h3 a6
21. Bf4 b5 22. Qe4 f6 23. Bxe5 fxe5 24. Rd7 Qg5 25. R1d3 Qc1+ 26. Kh2 Rf8 27.
Rg3 Qh6 28. Qxe5 g6 29. Ne4  1-0

[Event "22nd 4NCL Congress"]
[Site "Telford"]
[Date "2019.07.20"]
[Round "3"]
[Board "7"]
[White "Ther, Mate"]
[Black "Jones, Steven A"]
[Result "0-1"]
[WhiteElo "1970"]
[BlackElo "2117"]
[PlyCount "68"]
[EventDate "2019.07.19"]
[EventRounds "5"]
[EventCountry "ENG"]

1. e4 c5 2. Nf3 Nc6 3. d4 cxd4 4. Nxd4 Nf6 5. Nc3 e5 6. Ndb5 d6 7. Bg5 a6 8.
Na3 Be6 9. Bxf6 gxf6 10. Bc4 b5 11. Bxe6 fxe6 12. Qh5+ Ke7 13. Nd1 Qe8 14. Qh4
Qg6 15. Ne3 Bh6 16. O-O-O Bg5 17. Qh3 Qxe4 18. Rhe1 b4 19. Nb1 Nd4 20. Rd3 Rac8
21. Kd1 Qc6 22. Rxd4 Bxe3 23. Rxe3 Qxc2+ 24. Ke1 Qxb1+ 25. Rd1 Rc1 26. Red3
Rxd1+ 27. Rxd1 Qe4+ 28. Kf1 Rc8 29. Qh6 Rg8 30. f3 Qc2 31. Rd2 Qb1+ 32. Kf2 Qg6
33. Qh3 Rc8 34. Qh4 a5  0-1

[Event "22nd 4NCL Congress"]
[Site "Telford"]
[Date "2019.07.20"]
[Round "3"]
[Board "8"]
[White "Modi, Shyam Jagdish"]
[Black "Jones, Tibor T"]
[Result "1-0"]
[WhiteElo "2098"]
[BlackElo "1857"]
[PlyCount "91"]
[EventDate "2019.07.19"]
[EventRounds "5"]
[EventCountry "ENG"]

1. d4 d5 2. c4 c6 3. Nf3 Nf6 4. Qb3 dxc4 5. Qxc4 b5 6. Qb3 Bb7 7. g3 e6 8. Bg2
Nbd7 9. O-O Be7 10. Bg5 a6 11. a4 O-O 12. Nbd2 h6 13. Bxf6 Nxf6 14. e3 Nd7 15.
Rac1 Qa5 16. Nc4 Qb4 17. Qxb4 Bxb4 18. Nce5 Nb6 19. Nd3 Bd6 20. a5 Nd5 21. Nc5
Bxc5 22. Rxc5 f6 23. Nd2 Nb4 24. Nb3 Rac8 25. Rcc1 Rf7 26. Nc5 Re7 27. Rfd1 Kf7
28. Rc3 Nd5 29. Bxd5 cxd5 30. Nxb7 Rxc3 31. Nd6+ Kf8 32. bxc3 Rc7 33. e4 Ke7
34. e5 fxe5 35. dxe5 Rxc3 36. Ra1 Rc5 37. Ra2 Kf8 38. f4 Ke7 39. Kf2 b4 40. Rb2
Rxa5 41. Rxb4 Ra2+ 42. Kf3 a5 43. Rb7+ Kf8 44. Ra7 a4 45. f5 exf5 46. e6  1-0

[Event "22nd 4NCL Congress"]
[Site "Telford"]
[Date "2019.07.20"]
[Round "3"]
[Board "9"]
[White "Han, Yichen"]
[Black "Fletcher, John T"]
[Result "1-0"]
[WhiteElo "2217"]
[BlackElo "1999"]
[PlyCount "67"]
[EventDate "2019.07.19"]
[EventRounds "5"]
[EventCountry "ENG"]

1. d4 Nf6 2. Nf3 d5 3. Bf4 e6 4. e3 Bd6 5. Bg3 Qe7 6. Bd3 Bxg3 7. hxg3 Qb4+ 8.
Nbd2 Qxb2 9. O-O Nbd7 10. Qe2 O-O 11. e4 dxe4 12. Nxe4 Qa3 13. Nxf6+ Nxf6 14.
g4 Qd6 15. g5 Nd5 16. Qe4 g6 17. Ne5 f6 18. gxf6 Rxf6 19. Qh4 Rf4 20. Qg3 Rf6
21. Qg5 Qf8 22. g3 Qe7 23. c4 Nb4 24. Ng4 Rf7 25. Nh6+ Kg7 26. Nxf7 Qxf7 27.
Be4 Bd7 28. Rab1 Nc6 29. Rxb7 Rc8 30. d5 Ne7 31. Qe5+ Qf6 32. Qxf6+ Kxf6 33. d6
Bc6 34. Bxc6  1-0

[Event "22nd 4NCL Congress"]
[Site "Telford"]
[Date "2019.07.20"]
[Round "3"]
[Board "10"]
[White "Price, Gwilym T"]
[Black "Staples, Daniel J"]
[Result "1-0"]
[WhiteElo "2138"]
[BlackElo "1992"]
[PlyCount "77"]
[EventDate "2019.07.19"]
[EventRounds "5"]
[EventCountry "ENG"]

1. e4 e6 2. d4 d5 3. Nd2 c5 4. Ngf3 Nc6 5. Bb5 a6 6. Bxc6+ bxc6 7. O-O Nf6 8.
e5 Nd7 9. c4 Be7 10. cxd5 cxd5 11. dxc5 Nxc5 12. Nb3 Nxb3 13. Qxb3 Bd7 14. Be3
Rb8 15. Qc3 Rc8 16. Qd2 O-O 17. Rfc1 Rxc1+ 18. Rxc1 Qb8 19. Bc5 Bxc5 20. Rxc5
Rc8 21. Rxc8+ Qxc8 22. Qc3 Qc6 23. Qxc6 Bxc6 24. Nd4 Bd7 25. f4 Kf8 26. Kf2 Ke8
27. Ke3 Kd8 28. Nf3 f6 29. Kd4 Kc7 30. Kc5 h6 31. Nd4 fxe5 32. fxe5 Bc8 33. a4
Bd7 34. a5 Bc8 35. h4 Bd7 36. g4 Bc8 37. Ne2 Bd7 38. Nf4 Bc8 39. g5  1-0

[Event "22nd 4NCL Congress"]
[Site "Telford"]
[Date "2019.07.20"]
[Round "3"]
[Board "11"]
[White "Blake, J Morgan"]
[Black "Walton, Alan J"]
[Result "1/2-1/2"]
[WhiteElo "1976"]
[BlackElo "2123"]
[PlyCount "79"]
[EventDate "2019.07.19"]
[EventRounds "5"]
[EventCountry "ENG"]

1. e4 e6 2. d4 d5 3. Nd2 Be7 4. Bd3 Nf6 5. e5 Nfd7 6. f4 c5 7. c3 Nc6 8. Ne2
Qb6 9. Nf3 f6 10. a3 O-O 11. b4 cxd4 12. cxd4 fxe5 13. fxe5 Rxf3 14. gxf3 Bh4+
15. Kf1 Ndxe5 16. Kg2 Nxd3 17. Qxd3 e5 18. Be3 exd4 19. Bf4 Ne7 20. Nxd4 Ng6
21. Bg3 Qf6 22. Ne2 Be6 23. Rad1 Rf8 24. Rhf1 Bxg3 25. hxg3 Qg5 26. Rh1 h6 27.
Qd2 Qf6 28. Nd4 Bd7 29. f4 Bg4 30. Rde1 Rc8 31. Rc1 Rc4 32. Rxc4 dxc4 33. Qe3
Qf7 34. Re1 Nf8 35. Qe4 c3 36. f5 Qa2+ 37. Qc2 Qd5+ 38. Qe4 Qa2+ 39. Qc2 Qd5+
40. Qe4  1/2-1/2

[Event "22nd 4NCL Congress"]
[Site "Telford"]
[Date "2019.07.20"]
[Round "3"]
[Board "12"]
[White "White, Stuart A"]
[Black "Rushbrooke, Remy"]
[Result "0-1"]
[WhiteElo "2108"]
[BlackElo "1963"]
[PlyCount "80"]
[EventDate "2019.07.19"]
[EventRounds "5"]
[EventCountry "ENG"]

1. d4 f5 2. Bg5 h6 3. Bh4 g5 4. e3 Nf6 5. Bg3 e6 6. Be2 Nc6 7. Bh5+ Ke7 8. Be2
Bg7 9. Nc3 d5 10. Nf3 a6 11. Ne5 Nxe5 12. Bxe5 b5 13. Qd3 Qd7 14. Nd1 Bb7 15.
f3 b4 16. Qd2 a5 17. c3 c5 18. O-O g4 19. Bxf6+ Bxf6 20. fxg4 Rag8 21. gxf5
exf5 22. Bd3 Rg5 23. Qf2 Bc8 24. cxb4 axb4 25. dxc5 Rhg8 26. g3 Be5 27. Kh1 Bb7
28. Bxf5 d4+ 29. Kg1 Qe8 30. Qe2 Bxg3 31. hxg3 Rxg3+ 32. Kf2 Rg2+ 33. Ke1 Rxe2+
34. Kxe2 Ba6+ 35. Ke1 Bxf1 36. Kxf1 dxe3 37. Nxe3 Qh5 38. Kf2 Qh2+ 39. Kf3 Rg3+
40. Ke4 Qe2  0-1

[Event "22nd 4NCL Congress"]
[Site "Telford"]
[Date "2019.07.20"]
[Round "3"]
[Board "13"]
[White "Sagues, Vincent"]
[Black "Surtees, Mike J"]
[Result "0-1"]
[WhiteElo "1958"]
[BlackElo "2103"]
[PlyCount "104"]
[EventDate "2019.07.19"]
[EventRounds "5"]
[EventCountry "ENG"]

1. d4 e6 2. e4 d5 3. Nd2 Nf6 4. e5 Nfd7 5. Bd3 c5 6. c3 Nc6 7. Ne2 a5 8. O-O a4
9. a3 Nb6 10. f4 g6 11. Nf3 Nc4 12. Bc2 b5 13. Kh1 Bb7 14. dxc5 Bxc5 15. Ned4
Qb6 16. Qd3 Nxd4 17. cxd4 Be7 18. Rb1 h6 19. Qe2 Kd7 20. Bd2 Nxd2 21. Qxd2 b4
22. axb4 Bxb4 23. Qd1 Bc6 24. Ra1 Qb5 25. Bd3 Qa5 26. Qe2 Rhb8 27. g4 Be7 28.
f5 g5 29. Rfc1 Bb5 30. Bxb5+ Qxb5 31. Qxb5+ Rxb5 32. fxe6+ fxe6 33. Rc2 Rb4 34.
Kg2 Bd8 35. Kf2 Bb6 36. Rd1 Rf8 37. Ke2 Rf4 38. Rcd2 Rxg4 39. Ke3 Re4+ 40. Kf2
g4 41. Ne1 Rbxd4 42. Rxd4 Bxd4+ 43. Kf1 Bxb2 44. Nd3 a3 45. Nc5+ Ke7 46. Nxe4
dxe4 47. Ke2 a2 48. Ke3 Bxe5 49. Kxe4 a1=Q 50. Rxa1 Bxa1 51. Kf4 Kf6 52. Kxg4
Kg6  0-1

[Event "22nd 4NCL Congress"]
[Site "Telford"]
[Date "2019.07.20"]
[Round "3"]
[Board "14"]
[White "Moore, Gerald"]
[Black "Van Kemenade, Rudy"]
[Result "1-0"]
[WhiteElo "2084"]
[BlackElo "1941"]
[PlyCount "138"]
[EventDate "2019.07.19"]
[EventRounds "5"]
[EventCountry "ENG"]

1. Nf3 f5 2. g3 Nf6 3. Bg2 g6 4. O-O Bg7 5. d4 O-O 6. b3 d6 7. Bb2 c6 8. c4 Qe8
9. Nbd2 e5 10. dxe5 Ng4 11. Ba3 dxe5 12. Bxf8 Qxf8 13. e4 f4 14. h3 Nh6 15. Qe2
Na6 16. Rac1 Nc5 17. b4 Ne6 18. c5 g5 19. g4 Qf6 20. Nc4 Nf7 21. Rcd1 Nd4 22.
Nxd4 exd4 23. e5 Nxe5 24. Nxe5 Qxe5 25. Qxe5 Bxe5 26. Rfe1 Bf6 27. b5 Bd7 28.
bxc6 bxc6 29. Rb1 Re8 30. Rxe8+ Bxe8 31. Rb8 Kf7 32. Be4 Be7 33. Rb7 Kf6 34.
Rxa7 Bxc5 35. Ra6 Ke5 36. Bxh7 Kd5 37. Kf1 f3 38. Bd3 Bb4 39. Ra8 Bf7 40. a3
Bd2 41. Rf8 Be6 42. Rxf3 c5 43. Rf6 Ke5 44. Rh6 Bd5 45. Ke2 Bc1 46. a4 c4 47.
Bf5 d3+ 48. Bxd3 cxd3+ 49. Kxd3 Ba3 50. a5 Bc5 51. h4 gxh4 52. Rh5+ Kd6 53.
Rxh4 Bxf2 54. Rh6+ Ke5 55. Rh5+ Ke6 56. a6 Bg1 57. Rh7 Ke5 58. a7 Be4+ 59. Ke2
Bxa7 60. Rxa7 Kf4 61. Ra4 Ke5 62. Ke3 Bc2 63. Ra5+ Kf6 64. Kf4 Bd3 65. Rc5 Bb1
66. Rc6+ Kg7 67. Kg5 Be4 68. Rc7+ Kg8 69. Kf6 Kf8  1-0

[Event "22nd 4NCL Congress"]
[Site "Telford"]
[Date "2019.07.20"]
[Round "3"]
[Board "15"]
[White "Gayson, Peter M"]
[Black "Salmons, Calum"]
[Result "1/2-1/2"]
[WhiteElo "2068"]
[BlackElo "1898"]
[PlyCount "84"]
[EventDate "2019.07.19"]
[EventRounds "5"]
[EventCountry "ENG"]

1. e4 c5 2. Nf3 d6 3. d4 cxd4 4. Nxd4 Nf6 5. Nc3 g6 6. f4 Nc6 7. Be2 Bg7 8. Be3
O-O 9. O-O a6 10. Bf3 Bd7 11. Kh1 Rc8 12. Qd3 Bg4 13. Nxc6 bxc6 14. e5 Bf5 15.
Qxa6 dxe5 16. fxe5 Nd5 17. Nxd5 cxd5 18. Rad1 e6 19. c3 Bxe5 20. Bd4 Bxd4 21.
Rxd4 h5 22. Qe2 Rc4 23. Rfd1 Qb6 24. R1d2 Rfc8 25. h3 Rxd4 26. Rxd4 Rc4 27.
Rxc4 dxc4 28. Qxc4 Qxb2 29. a4 Qf2 30. Qd4 Qe1+ 31. Kh2 h4 32. Qd1 Qg3+ 33. Kh1
Qf4 34. a5 Be4 35. a6 Bxf3 36. Qxf3 Qa4 37. Qb7 Qd1+ 38. Kh2 Qd6+ 39. Kg1 Qd1+
40. Kf2 Qd2+ 41. Kf3 Qd3+ 42. Kf2 Qd2+  1/2-1/2

[Event "22nd 4NCL Congress"]
[Site "Telford"]
[Date "2019.07.20"]
[Round "3"]
[Board "16"]
[White "Ross, Stuart"]
[Black "Lentzos, Ioannis"]
[Result "0-1"]
[WhiteElo "1635"]
[BlackElo "2043"]
[PlyCount "88"]
[EventDate "2019.07.19"]
[EventRounds "5"]
[EventCountry "ENG"]

1. e4 c6 2. d4 d5 3. Nc3 dxe4 4. Nxe4 Bf5 5. Ng3 Bg6 6. h4 h6 7. Nf3 Nd7 8. h5
Bh7 9. Bd3 Bxd3 10. Qxd3 e6 11. Bd2 Ngf6 12. O-O-O Be7 13. Kb1 O-O 14. Ne4 Nxe4
15. Qxe4 Nf6 16. Qe2 Qd5 17. Ne5 Qe4 18. Qxe4 Nxe4 19. Be1 Rfd8 20. f3 Nf6 21.
Bf2 Rac8 22. g4 b5 23. a3 Nd5 24. Nd3 Bg5 25. Rhe1 a5 26. Nc5 Rc7 27. Ne4 Bf4
28. Bg3 Bxg3 29. Nxg3 b4 30. axb4 axb4 31. Ne4 Ra7 32. Nc5 Nc7 33. Nb3 Nb5 34.
Rd3 Rad7 35. Red1 Kf8 36. c4 bxc3 37. bxc3 Na3+ 38. Kb2 Nc4+ 39. Kc2 Rb8 40.
Ra1 Rdb7 41. Nc5 Rb2+ 42. Kc1 Ke8 43. Na4 Rh2 44. Rd1 Ne3  0-1

[Event "22nd 4NCL Congress"]
[Site "Telford"]
[Date "2019.07.20"]
[Round "3"]
[Board "17"]
[White "Penna, Tommaso"]
[Black "Somton, Anita"]
[Result "1-0"]
[WhiteElo "2014"]
[BlackElo "1832"]
[PlyCount "63"]
[EventDate "2019.07.19"]
[EventRounds "5"]
[EventCountry "ENG"]

1. e4 c6 2. d4 d5 3. Nd2 dxe4 4. Nxe4 Bf5 5. Ng3 Bg6 6. h4 h6 7. Nf3 Nd7 8. h5
Bh7 9. Bd3 Bxd3 10. Qxd3 e6 11. Bd2 Ngf6 12. O-O-O Bd6 13. Ne4 Nxe4 14. Qxe4
Nf6 15. Qe2 Qc7 16. Kb1 O-O-O 17. c4 Rhe8 18. Bc3 Nd7 19. Rhe1 f6 20. c5 Bf8
21. Nd2 b5 22. Nb3 Nb8 23. Ba5 Qd7 24. Rd3 Na6 25. Bxd8 Qxd8 26. Re3 Nc7 27. f4
f5 28. g4 Qf6 29. Re5 fxg4 30. Qxg4 Kd7 31. Na5 Nd5 32. Nxc6  1-0

[Event "22nd 4NCL Congress"]
[Site "Telford"]
[Date "2019.07.20"]
[Round "3"]
[Board "18"]
[White "Forster, Matthew"]
[Black "Ortiz Sanchez, Luis"]
[Result "1-0"]
[WhiteElo "1825"]
[BlackElo "1967"]
[PlyCount "55"]
[EventDate "2019.07.19"]
[EventRounds "5"]
[EventCountry "ENG"]

1. c4 b6 2. d4 Bb7 3. Nc3 e6 4. a3 f5 5. Nf3 Nf6 6. g3 Be7 7. Bg2 Ne4 8. O-O
Nxc3 9. bxc3 O-O 10. d5 Na6 11. Bf4 Bf6 12. Qd2 Nc5 13. Rad1 Ne4 14. Qc2 exd5
15. Nd4 Bxd4 16. cxd4 d6 17. cxd5 Bxd5 18. f3 Ng5 19. Bxg5 Qxg5 20. f4 Qe7 21.
Bxd5+ Kh8 22. Bxa8 Rxa8 23. Rf3 Re8 24. d5 Qf7 25. Rc3 Re7 26. Rdd3 h6 27. Re3
Rd7 28. Re6  1-0

[Event "22nd 4NCL Congress"]
[Site "Telford"]
[Date "2019.07.20"]
[Round "3"]
[Board "19"]
[White "Ansari, Athar"]
[Black "Ireland, David J"]
[Result "0-1"]
[WhiteElo "1911"]
[BlackElo "1966"]
[PlyCount "40"]
[EventDate "2019.07.19"]
[EventRounds "5"]
[EventCountry "ENG"]

1. g3 e5 2. Bg2 Nc6 3. e3 Nf6 4. d3 d5 5. Ne2 Be6 6. O-O Qd7 7. b3 Bd6 8. Nd2
Bh3 9. e4 O-O-O 10. exd5 Bxg2 11. Kxg2 Nxd5 12. Nc4 h5 13. Nxd6+ Qxd6 14. Bb2
h4 15. Nc3 Qe6 16. Rh1 Nd4 17. Ne2 hxg3 18. hxg3 Rxh1 19. Qxh1 Nxe2 20. Qe1 Nd4
 0-1

[Event "22nd 4NCL Congress"]
[Site "Telford"]
[Date "2019.07.20"]
[Round "3"]
[Board "20"]
[White "Adams, Mark A"]
[Black "Baxter, Harry"]
[Result "1/2-1/2"]
[WhiteElo "1963"]
[BlackElo "1864"]
[PlyCount "64"]
[EventDate "2019.07.19"]
[EventRounds "5"]
[EventCountry "ENG"]

1. e4 c5 2. Nf3 e6 3. d4 cxd4 4. Nxd4 a6 5. Nc3 Qc7 6. Bd3 Nf6 7. f4 d6 8. Qf3
Nbd7 9. Be3 b5 10. a3 Bb7 11. g4 Nc5 12. g5 Nfd7 13. O-O g6 14. Rae1 Bg7 15.
Qe2 Nxd3 16. cxd3 e5 17. fxe5 dxe5 18. Nb3 O-O 19. Rc1 Qd8 20. h4 Rc8 21. Qg4
f6 22. Qe6+ Kh8 23. Nd5 Bxd5 24. Qxd5 f5 25. Rxc8 Qxc8 26. Rc1 Qd8 27. Rc6 f4
28. Bf2 Nb8 29. Rd6 Qc8 30. Kh2 Qc2 31. Kg2 Qc8 32. Kh2 Qc2  1/2-1/2

[Event "22nd 4NCL Congress"]
[Site "Telford"]
[Date "2019.07.20"]
[Round "3"]
[Board "21"]
[White "Kan, Toby"]
[Black "Kay, Lee P"]
[Result "1/2-1/2"]
[WhiteElo "1702"]
[BlackElo "1949"]
[PlyCount "147"]
[EventDate "2019.07.19"]
[EventRounds "5"]
[EventCountry "ENG"]

1. e4 e6 2. d3 d5 3. Nd2 Nf6 4. Qe2 dxe4 5. Nxe4 b6 6. Bg5 Be7 7. Qf3 c6 8.
Nxf6+ gxf6 9. Bd2 Bb7 10. Qg3 Bf8 11. Nf3 Nd7 12. O-O-O h5 13. Re1 Qb8 14. Qh4
Qd6 15. Bc3 Be7 16. Qe4 O-O-O 17. Kb1 c5 18. Qe3 Bd5 19. d4 c4 20. Nh4 Qc6 21.
Rg1 b5 22. a3 Rdg8 23. Qd2 Bd8 24. g3 f5 25. Ng2 h4 26. Nf4 Bf3 27. Bg2 Bxg2
28. Rxg2 Bf6 29. Rgg1 Nb6 30. Qe3 Nd5 31. Nxd5 Qxd5 32. Qd2 hxg3 33. hxg3 Rg4
34. Rd1 Rh2 35. Qe3 Rh8 36. f3 Rgg8 37. Qf4 Be7 38. Qe5 Qxe5 39. dxe5 Rh3 40.
Be1 f4 41. Bf2 fxg3 42. Bxa7 g2 43. Rd2 Rxf3 44. Rgxg2 Rxg2 45. Rxg2 Kb7 46.
Bd4 Rf1+ 47. Ka2 Kc6 48. Bc3 Bd8 49. Re2 Bc7 50. b3 Rf3 51. Kb2 cxb3 52. cxb3
Bb6 53. a4 bxa4 54. bxa4 Rf2 55. Rxf2 Bxf2 56. a5 Kb5 57. Kb3 Bh4 58. Bd4 Be1
59. a6 Kxa6 60. Kc4 Kb7 61. Kd3 Kc6 62. Ke4 Bh4 63. Bc3 Be7 64. Bd4 Bc5 65. Bc3
Kd7 66. Bb2 Ke7 67. Bc3 Kf8 68. Bd2 Kg7 69. Bc3 Be7 70. Bd2 f5+ 71. exf6+ Bxf6
72. Bf4 Bb2 73. Bd6 Kf6 74. Bg3  1/2-1/2

[Event "22nd 4NCL Congress"]
[Site "Telford"]
[Date "2019.07.20"]
[Round "3"]
[Board "22"]
[White "Tarr, Steve F"]
[Black "Davis, Lee"]
[Result "0-1"]
[WhiteElo "1686"]
[BlackElo "1937"]
[PlyCount "56"]
[EventDate "2019.07.19"]
[EventRounds "5"]
[EventCountry "ENG"]

1. d4 Nf6 2. Bf4 d6 3. e3 g6 4. Nc3 Bg7 5. h4 c5 6. dxc5 Qa5 7. Qd2 Qxc5 8.
O-O-O Nc6 9. Nf3 Bf5 10. Bd3 Bxd3 11. Qxd3 O-O 12. Qb5 Qxb5 13. Nxb5 Ne4 14.
Rhf1 Rac8 15. Ng5 Nc5 16. Nxd6 exd6 17. Bxd6 Na4 18. Bxf8 Bxb2+ 19. Kb1 Kxf8
20. Rd7 Ne5 21. Rxb7 Nc4 22. Rxb2 Naxb2 23. Kc1 Na4 24. Rd1 Na3 25. Rd2 Rb8 26.
Rd7 Rb1+ 27. Kd2 Nc4+ 28. Ke2 Nc3+  0-1

[Event "22nd 4NCL Congress"]
[Site "Telford"]
[Date "2019.07.20"]
[Round "3"]
[Board "23"]
[White "Modi, Kishan J"]
[Black "Simpson, Derek"]
[Result "1-0"]
[WhiteElo "1923"]
[BlackElo "1648"]
[PlyCount "133"]
[EventDate "2019.07.19"]
[EventRounds "5"]
[EventCountry "ENG"]

1. e4 e6 2. b3 d5 3. Bb2 Nf6 4. e5 Nfd7 5. g3 c5 6. Bg2 Nc6 7. f4 Qc7 8. Nf3 b5
9. O-O a5 10. Kh1 b4 11. a4 Be7 12. d4 Nb6 13. dxc5 Bxc5 14. Nd4 Nxd4 15. Bxd4
Bxd4 16. Qxd4 Ba6 17. Rc1 Rc8 18. Nd2 Qc5 19. Nf3 O-O 20. h3 Qxd4 21. Nxd4 Rc5
22. Rd1 Rfc8 23. Rd2 Nd7 24. Rc1 Rc3 25. Kh2 Nc5 26. Re1 Nd7 27. f5 Nf8 28. h4
Re8 29. fxe6 Nxe6 30. Nf5 d4 31. Bd5 Nc7 32. Nd6 Re7 33. Be4 Rc5 34. Rxd4 Rcxe5
35. Red1 g6 36. R1d2 Ne8 37. Nxe8 Rxe8 38. Bf3 Be2 39. Bc6 R8e7 40. Bg2 Kg7 41.
Rd6 Bg4 42. R6d4 Bf5 43. g4 Be4 44. Bxe4 Rxe4 45. Rxe4 Rxe4 46. Kg3 Re5 47. Kf4
Rc5 48. Ke4 f5+ 49. gxf5 Rxf5 50. Rh2 Rh5 51. Kd4 Kf6 52. c4 bxc3 53. Kxc3 Rf5
54. Rh3 Rf4 55. Kd2 Ke5 56. Kc3 Re4 57. Rg3 Rf4 58. Rg5+ Rf5 59. b4 axb4+ 60.
Kxb4 Kd6 61. Rxf5 gxf5 62. Kc4 f4 63. Kd4 f3 64. Ke3 Kc5 65. Kxf3 Kb4 66. Kf4
Kxa4 67. Kg5  1-0

[Event "22nd 4NCL Congress"]
[Site "Telford"]
[Date "2019.07.20"]
[Round "3"]
[Board "24"]
[White "Van Kemenade, Julie"]
[Black "Ratnesan, Ranesh"]
[Result "0-1"]
[WhiteElo "1719"]
[BlackElo "2080"]
[PlyCount "48"]
[EventDate "2019.07.19"]
[EventRounds "5"]
[EventCountry "ENG"]

1. e4 c5 2. Nc3 Nc6 3. f4 g6 4. Nf3 Bg7 5. Be2 e6 6. O-O Nge7 7. d3 O-O 8. Qe1
d5 9. e5 a6 10. g4 f6 11. Qg3 Nd4 12. Bd1 Nec6 13. Re1 b5 14. a3 Ra7 15. Be3
fxe5 16. Nxe5 Nxe5 17. fxe5 Raf7 18. Kg2 Nxc2 19. Bxc2 d4 20. Ne4 dxe3 21. Rxe3
Qd4 22. Rae1 Bxe5 23. Qh4 Bb7 24. Bd1 Rf2+  0-1

[Event "22nd 4NCL Congress"]
[Site "Telford"]
[Date "2019.07.20"]
[Round "3"]
[Board "25"]
[White "Seymour, Timothy P"]
[Black "Tivillier, Jacques"]
[Result "1-0"]
[WhiteElo "2129"]
[BlackElo "1799"]
[PlyCount "61"]
[EventDate "2019.07.19"]
[EventRounds "5"]
[EventCountry "ENG"]

1. Nf3 d5 2. e3 Bg4 3. c4 c6 4. h3 Bxf3 5. Qxf3 e6 6. d4 Nf6 7. Bd3 Nbd7 8. O-O
Be7 9. Nc3 O-O 10. Rd1 Nb6 11. b3 Nc8 12. Bd2 Bb4 13. Nxd5 Nxd5 14. cxd5 Bxd2
15. dxc6 bxc6 16. Qxc6 Nd6 17. Rxd2 Rc8 18. Qf3 Rc3 19. Qd1 Qa5 20. Rc1 Rfc8
21. Rdc2 Rxc2 22. Rxc2 Rxc2 23. Qxc2 g6 24. Kf1 e5 25. g3 exd4 26. exd4 Qd5 27.
Qc5 Qf3 28. Qxd6 Qxd3+ 29. Kg2 Qe4+ 30. Kh2 Qe2 31. Qb8+  1-0

[Event "22nd 4NCL Congress"]
[Site "Telford"]
[Date "2019.07.20"]
[Round "3"]
[Board "26"]
[White "Herring, Sam Ac"]
[Black "Sandhu, Manvith"]
[Result "1/2-1/2"]
[WhiteElo "1931"]
[BlackElo "1682"]
[PlyCount "136"]
[EventDate "2019.07.19"]
[EventRounds "5"]
[EventCountry "ENG"]

1. d4 d5 2. c4 c6 3. Nf3 Nf6 4. e3 e6 5. b3 Nbd7 6. Nbd2 Bd6 7. Bb2 O-O 8. Bd3
Bc7 9. O-O Re8 10. Ne5 Nxe5 11. dxe5 Nd7 12. f4 f6 13. exf6 Nxf6 14. Bxf6 Qxf6
15. Bxh7+ Kf8 16. Qh5 Qh6 17. Qxh6 gxh6 18. Nf3 Re7 19. Bd3 Rg7 20. e4 Ke7 21.
e5 Bd7 22. g3 Rag8 23. Rac1 Bb6+ 24. Kg2 Be3 25. Rcd1 Bxf4 26. Kh1 Bxg3 27.
hxg3 Rxg3 28. Be2 Be8 29. Rg1 Bh5 30. Kh2 Rxg1 31. Rxg1 Rxg1 32. Kxg1 c5 33.
Kf2 Bg6 34. Nd2 Bc2 35. Ke3 Bf5 36. Kf4 d4 37. Bf3 b6 38. Be4 Bxe4 39. Nxe4 Kf7
40. a3 a5 41. Nd6+ Kg6 42. Kg4 h5+ 43. Kf4 h4 44. Ne4 d3 45. Nf2 d2 46. Ke3 Kf5
47. Kxd2 Kxe5 48. Ke3 Kf5 49. Kf3 Ke5 50. Ke3 Kf5 51. Nd3 h3 52. Nf2 h2 53. Nh1
Kg4 54. Ke4 e5 55. a4 Kh3 56. Kf3 e4+ 57. Kf2 Kg4 58. Ke3 Kh3 59. Kxe4 Kg2 60.
Ke3 Kf1 61. Kf3 Ke1 62. Ke3 Kf1 63. Kf4 Kg2 64. Ng3 Kf2 65. Ne4+ Ke2 66. Ng3+
Kf2 67. Nh1+ Kg2 68. Ke3 Kf1  1/2-1/2